Business cycles: the problem and its setting (Record no. 480611)

000 -LEADER
fixed length control field 00364cam a22001217a 4500
008 - FIXED-LENGTH DATA ELEMENTS--GENERAL INFORMATION
fixed length control field 180718b1956 xxu||||| |||| 00| 0 eng d
082 ## - DEWEY DECIMAL CLASSIFICATION NUMBER
Classification number T17 M696
100 ## - MAIN ENTRY--PERSONAL NAME
Personal name Mitchell, Wesley C.
245 ## - TITLE STATEMENT
Title Business cycles: the problem and its setting
Statement of responsibility, etc. by Wesley C. Mitchell
260 ## - PUBLICATION, DISTRIBUTION, ETC.
Place of publication, distribution, etc. New York
Name of publisher, distributor, etc. Nat. Bur. of Econ. Res.
Date of publication, distribution, etc. 1956
300 ## - PHYSICAL DESCRIPTION
Extent 489p.
650 ## - SUBJECT ADDED ENTRY--TOPICAL TERM
Topical term or geographic name entry element Business Cycles
Holdings
Withdrawn status Lost status Damaged status Not for loan Permanent Location Current Location Date acquired Full call number Barcode Date last seen Price effective from Koha item type
        Indian Institute of Public Administration Indian Institute of Public Administration 2018-08-04 T17 M696 GR872 2018-08-04 2018-08-04 GR

Powered by Koha